<?xml version="1.0" encoding="UTF-8"?>
<collection xmlns="http://www.loc.gov/MARC21/slim">
 <record>
  <leader>03908cam a2200721   4500</leader>
  <controlfield tag="001">358542111</controlfield>
  <controlfield tag="003">DE-627</controlfield>
  <controlfield tag="005">20240922113657.0</controlfield>
  <controlfield tag="007">tu</controlfield>
  <controlfield tag="008">030102s2002    sz ||||| c    00| ||ger c</controlfield>
  <datafield tag="015" ind1=" " ind2=" ">
   <subfield code="a">03,A03,1645</subfield>
   <subfield code="2">dnb</subfield>
  </datafield>
  <datafield tag="016" ind1="7" ind2=" ">
   <subfield code="a">965697894</subfield>
   <subfield code="2">DE-101</subfield>
  </datafield>
  <datafield tag="020" ind1=" " ind2=" ">
   <subfield code="a">9783796519543</subfield>
   <subfield code="9">978-3-7965-1954-3</subfield>
  </datafield>
  <datafield tag="020" ind1=" " ind2=" ">
   <subfield code="a">3796519547</subfield>
   <subfield code="c">Pp. : EUR 33.50</subfield>
   <subfield code="9">3-7965-1954-7</subfield>
  </datafield>
  <datafield tag="035" ind1=" " ind2=" ">
   <subfield code="a">(DE-627)358542111</subfield>
  </datafield>
  <datafield tag="035" ind1=" " ind2=" ">
   <subfield code="a">(DE-576)100903126</subfield>
  </datafield>
  <datafield tag="035" ind1=" " ind2=" ">
   <subfield code="a">(DE-599)DNB965697894</subfield>
  </datafield>
  <datafield tag="035" ind1=" " ind2=" ">
   <subfield code="a">(OCoLC)237675673</subfield>
  </datafield>
  <datafield tag="035" ind1=" " ind2=" ">
   <subfield code="a">(OCoLC)314154171</subfield>
  </datafield>
  <datafield tag="040" ind1=" " ind2=" ">
   <subfield code="a">DE-627</subfield>
   <subfield code="b">ger</subfield>
   <subfield code="c">DE-627</subfield>
   <subfield code="e">rakwb</subfield>
  </datafield>
  <datafield tag="041" ind1=" " ind2=" ">
   <subfield code="a">ger</subfield>
  </datafield>
  <datafield tag="044" ind1=" " ind2=" ">
   <subfield code="c">XA-CH</subfield>
  </datafield>
  <datafield tag="082" ind1="0" ind2="4">
   <subfield code="a">45</subfield>
   <subfield code="a">46</subfield>
  </datafield>
  <datafield tag="084" ind1=" " ind2=" ">
   <subfield code="a">45</subfield>
   <subfield code="a">46</subfield>
   <subfield code="2">sdnb</subfield>
  </datafield>
  <datafield tag="084" ind1=" " ind2=" ">
   <subfield code="a">9,10</subfield>
   <subfield code="2">ssgn</subfield>
  </datafield>
  <datafield tag="084" ind1=" " ind2=" ">
   <subfield code="a">LL 77712</subfield>
   <subfield code="2">rvk</subfield>
   <subfield code="0">(DE-625)rvk/100580:13313</subfield>
  </datafield>
  <datafield tag="084" ind1=" " ind2=" ">
   <subfield code="a">21.50</subfield>
   <subfield code="2">bkl</subfield>
  </datafield>
  <datafield tag="084" ind1=" " ind2=" ">
   <subfield code="a">21.79</subfield>
   <subfield code="2">bkl</subfield>
  </datafield>
  <datafield tag="084" ind1=" " ind2=" ">
   <subfield code="a">52.88</subfield>
   <subfield code="2">bkl</subfield>
  </datafield>
  <datafield tag="245" ind1="1" ind2="0">
   <subfield code="a">Schwelle zum Paradies</subfield>
   <subfield code="b">die Galluspforte des Basler Münsters ; [zur gleichnamigen Ausstellung im Museum Kleines Klingental, Basel, 7. September 2002 - 26. Februar 2003 ; Beitrag zum 3. Internationalen Kongress der Archäologie des Mittelalters und der Neuzeit &quot;Medieval Europe Basel 2002&quot; (10. - 15. September 2002, Kongresszentrum Messe Basel)]</subfield>
   <subfield code="c">Hrsg. Hans-Rudolf Meier; Dorothea Schwinn Schürmann. Beitr. Stephan Albrecht ... Vorw. Peter Burckhardt</subfield>
  </datafield>
  <datafield tag="264" ind1=" " ind2="1">
   <subfield code="a">Basel</subfield>
   <subfield code="b">Schwabe</subfield>
   <subfield code="c">2002</subfield>
  </datafield>
  <datafield tag="300" ind1=" " ind2=" ">
   <subfield code="a">184 S.</subfield>
   <subfield code="b">zahlr. Ill.</subfield>
   <subfield code="c">32 cm</subfield>
  </datafield>
  <datafield tag="336" ind1=" " ind2=" ">
   <subfield code="a">Text</subfield>
   <subfield code="b">txt</subfield>
   <subfield code="2">rdacontent</subfield>
  </datafield>
  <datafield tag="337" ind1=" " ind2=" ">
   <subfield code="a">ohne Hilfsmittel zu benutzen</subfield>
   <subfield code="b">n</subfield>
   <subfield code="2">rdamedia</subfield>
  </datafield>
  <datafield tag="338" ind1=" " ind2=" ">
   <subfield code="a">Band</subfield>
   <subfield code="b">nc</subfield>
   <subfield code="2">rdacarrier</subfield>
  </datafield>
  <datafield tag="500" ind1=" " ind2=" ">
   <subfield code="a">Ausstellung. - Literaturangaben. - Literaturverz. S. 170 - 181</subfield>
  </datafield>
  <datafield tag="583" ind1="1" ind2=" ">
   <subfield code="a">Archivierung/Langzeitarchivierung gewährleistet</subfield>
   <subfield code="f">SSG</subfield>
   <subfield code="x">XA-DE-BW</subfield>
   <subfield code="2">pdager</subfield>
   <subfield code="5">DE-16</subfield>
  </datafield>
  <datafield tag="583" ind1="1" ind2=" ">
   <subfield code="a">Archivierung prüfen</subfield>
   <subfield code="c">20240324</subfield>
   <subfield code="f">DE-4165</subfield>
   <subfield code="z">3</subfield>
   <subfield code="2">pdager</subfield>
  </datafield>
  <datafield tag="655" ind1=" " ind2="7">
   <subfield code="a">Ausstellungskatalog</subfield>
   <subfield code="y">2002</subfield>
   <subfield code="z">Basel</subfield>
   <subfield code="0">(DE-588)4135467-9</subfield>
   <subfield code="0">(DE-627)10566491X</subfield>
   <subfield code="0">(DE-576)209660988</subfield>
   <subfield code="2">gnd-content</subfield>
  </datafield>
  <datafield tag="655" ind1=" " ind2="7">
   <subfield code="a">Konferenzschrift</subfield>
   <subfield code="0">(DE-588)1071861417</subfield>
   <subfield code="0">(DE-627)826484824</subfield>
   <subfield code="0">(DE-576)433375485</subfield>
   <subfield code="2">gnd-content</subfield>
  </datafield>
  <datafield tag="689" ind1="0" ind2="0">
   <subfield code="d">g</subfield>
   <subfield code="0">(DE-588)4609699-1</subfield>
   <subfield code="0">(DE-627)326309039</subfield>
   <subfield code="0">(DE-576)21422919X</subfield>
   <subfield code="a">Münster Basel</subfield>
   <subfield code="g">Basel</subfield>
   <subfield code="g">Galluspforte</subfield>
   <subfield code="2">gnd</subfield>
  </datafield>
  <datafield tag="689" ind1="0" ind2=" ">
   <subfield code="5">DE-101</subfield>
  </datafield>
  <datafield tag="689" ind1="1" ind2="0">
   <subfield code="d">s</subfield>
   <subfield code="0">(DE-588)4072608-3</subfield>
   <subfield code="0">(DE-627)10609470X</subfield>
   <subfield code="0">(DE-576)209187581</subfield>
   <subfield code="a">Holzplastik</subfield>
   <subfield code="2">gnd</subfield>
  </datafield>
  <datafield tag="689" ind1="1" ind2="1">
   <subfield code="d">s</subfield>
   <subfield code="0">(DE-588)4050482-7</subfield>
   <subfield code="0">(DE-627)106181904</subfield>
   <subfield code="0">(DE-576)209087595</subfield>
   <subfield code="a">Romanik</subfield>
   <subfield code="2">gnd</subfield>
  </datafield>
  <datafield tag="689" ind1="1" ind2=" ">
   <subfield code="5">(DE-627)</subfield>
  </datafield>
  <datafield tag="700" ind1="1" ind2=" ">
   <subfield code="a">Meier, Hans-Rudolf</subfield>
   <subfield code="d">1956-</subfield>
   <subfield code="e">Hrsg.</subfield>
   <subfield code="0">(DE-588)132525933</subfield>
   <subfield code="0">(DE-627)52333625X</subfield>
   <subfield code="0">(DE-576)299202828</subfield>
   <subfield code="4">edt</subfield>
  </datafield>
  <datafield tag="700" ind1="1" ind2=" ">
   <subfield code="a">Albrecht, Stephan</subfield>
   <subfield code="d">1963-</subfield>
   <subfield code="0">(DE-588)129522708</subfield>
   <subfield code="0">(DE-627)471009229</subfield>
   <subfield code="0">(DE-576)284897841</subfield>
   <subfield code="4">oth</subfield>
  </datafield>
  <datafield tag="710" ind1="2" ind2=" ">
   <subfield code="a">Museum Kleines Klingental</subfield>
   <subfield code="0">(DE-588)10022845-8</subfield>
   <subfield code="0">(DE-627)33098568X</subfield>
   <subfield code="0">(DE-576)198505485</subfield>
   <subfield code="4">oth</subfield>
  </datafield>
  <datafield tag="711" ind1="2" ind2=" ">
   <subfield code="a">International Conference of Medieval and Later Archaeology</subfield>
   <subfield code="n">3</subfield>
   <subfield code="d">2002</subfield>
   <subfield code="c">Basel</subfield>
   <subfield code="0">(DE-588)10045051-9</subfield>
   <subfield code="0">(DE-627)355038463</subfield>
   <subfield code="0">(DE-576)199281408</subfield>
   <subfield code="4">oth</subfield>
  </datafield>
  <datafield tag="787" ind1="0" ind2="8">
   <subfield code="i">Rezensiert in</subfield>
   <subfield code="a">Kammel, Frank Matthias, 1961 - </subfield>
   <subfield code="t">[Rezension von: Schwelle zum Paradies]</subfield>
   <subfield code="d">2003</subfield>
   <subfield code="w">(DE-627)1539394727</subfield>
   <subfield code="w">(DE-576)469394722</subfield>
  </datafield>
  <datafield tag="787" ind1="0" ind2="8">
   <subfield code="i">Rezension</subfield>
   <subfield code="a">Dorn, Ralf, 1968 - 2021</subfield>
   <subfield code="t">Schwelle zum Paradies</subfield>
   <subfield code="d">2004</subfield>
   <subfield code="w">(DE-627)1466029633</subfield>
   <subfield code="w">(DE-576)396029639</subfield>
  </datafield>
  <datafield tag="856" ind1="4" ind2="2">
   <subfield code="u">https://swbplus.bsz-bw.de/bsz100903126inh.htm</subfield>
   <subfield code="m">B:DE-576;DE-16</subfield>
   <subfield code="q">application/pdf</subfield>
   <subfield code="v">20100114120446</subfield>
   <subfield code="x">Verlag</subfield>
   <subfield code="3">Inhaltsverzeichnis</subfield>
  </datafield>
  <datafield tag="935" ind1=" " ind2=" ">
   <subfield code="i">Blocktest</subfield>
  </datafield>
  <datafield tag="936" ind1="r" ind2="v">
   <subfield code="a">LL 77712</subfield>
   <subfield code="b">Kirchen, Kathedralen</subfield>
   <subfield code="k">Kunstgeschichte</subfield>
   <subfield code="k">Kunst nach Ländern bzw. Kontinenten</subfield>
   <subfield code="k">Schweiz und Liechtenstein</subfield>
   <subfield code="k">Kunsttopografie der Schweiz</subfield>
   <subfield code="k">Alphabetische Liste der schweizerischen Orte</subfield>
   <subfield code="k">Orte B</subfield>
   <subfield code="k">Basel</subfield>
   <subfield code="k">Kirchen, Kathedralen</subfield>
   <subfield code="0">(DE-627)1272676854</subfield>
   <subfield code="0">(DE-625)rvk/100580:13313</subfield>
   <subfield code="0">(DE-576)202676854</subfield>
  </datafield>
  <datafield tag="936" ind1="b" ind2="k">
   <subfield code="a">21.50</subfield>
   <subfield code="j">Bildhauerei: Allgemeines</subfield>
   <subfield code="0">(DE-627)106421794</subfield>
  </datafield>
  <datafield tag="936" ind1="b" ind2="k">
   <subfield code="a">21.79</subfield>
   <subfield code="j">Baugeschichte: Sonstiges</subfield>
   <subfield code="0">(DE-627)10642128X</subfield>
  </datafield>
  <datafield tag="936" ind1="b" ind2="k">
   <subfield code="a">52.88</subfield>
   <subfield code="j">Feinwerktechnik</subfield>
   <subfield code="j">Mechatronik</subfield>
   <subfield code="0">(DE-627)10642131X</subfield>
  </datafield>
  <datafield tag="951" ind1=" " ind2=" ">
   <subfield code="a">BO</subfield>
  </datafield>
  <datafield tag="990" ind1=" " ind2=" ">
   <subfield code="a">Münster Basel</subfield>
  </datafield>
  <datafield tag="990" ind1=" " ind2=" ">
   <subfield code="a">Holzplastik</subfield>
  </datafield>
  <datafield tag="990" ind1=" " ind2=" ">
   <subfield code="a">Romanik</subfield>
  </datafield>
  <datafield tag="991" ind1=" " ind2=" ">
   <subfield code="a">Rezensiertes Werk</subfield>
  </datafield>
  <datafield tag="999" ind1=" " ind2=" ">
   <subfield code="a">KXP-PPN358542111</subfield>
   <subfield code="e">4008897909</subfield>
  </datafield>
 </record>
</collection>
